Online
Catalog

Archivo de don Bernardo O'Higgins / (Record no. 1208)

MARC details
000 -CABECERA
campo de control de longitud fija 01404cam a2200325 a 4500
001 - NÚMERO DE CONTROL
campo de control 000001265
005 - FECHA Y HORA DE LA ÚLTIMA TRANSACCIÓN
campo de control 20200929145526.0
008 - DATOS DE LONGITUD FIJA--INFORMACIÓN GENERAL
campo de control de longitud fija 840316m19469999cl ach b 001 0 spa d
040 ## - FUENTE DE LA CATALOGACIÓN
Centro catalogador/agencia de origen DO-SdBNP
Centro/agencia transcriptor BNPHU
Lengua de catalogación spa
082 ## - NÚMERO DE LA CLASIFICACIÓN DECIMAL DEWEY
Número de clasificación 983.04
Número de documento/Ítem A673a
110 2# - ENTRADA PRINCIPAL--NOMBRE DE ENTIDAD CORPORATIVA
Nombre de entidad corporativa o nombre de jurisdicción como elemento de entrada Archivo Nacional (Chile)
9 (RLIN) 4289
245 10 - MENCIÓN DE TÍTULO
Título Archivo de don Bernardo O'Higgins /
Mención de responsabilidad, etc. Archivo Nacional.
246 17 - FORMA VARIANTE DE TÍTULO
Título propio/Titulo breve Archivo O'Higgins
260 ## - PUBLICACIÓN, DISTRIBUCIÓN, ETC.
Lugar de publicación, distribución, etc. Santiago de Chile :
Nombre del editor, distribuidor, etc. Valenzuela Basterrica y CIA,
Fecha de publicación, distribución, etc. [1946- ].
300 ## - DESCRIPCIÓN FÍSICA
Extensión v. :
Otras características físicas il., facsíms., retrs. ;
Dimensiones 23 cm.
500 ## - NOTA GENERAL
Nota general "Archivo Nacional" -- sobre el título.
500 ## - NOTA GENERAL
Nota general "Ley 7367, de 20 de noviembre de 1942" -- Portada
500 ## - NOTA GENERAL
Nota general Descripción basada en el tomo 10.
500 ## - NOTA GENERAL
Nota general Comisión directora: Ricardo Donoso, Jaime Eyzaguirre, Guillermo Feliú Crúz, Eugenio Pereira Salas, Luis Valencia Avaria -- v. 10.
505 2# - NOTA DE CONTENIDO CON FORMATO
Nota de contenido con formato Tomo 10. Gazeta de Santiago de Chile --
600 10 - PUNTO DE ACCESO ADICIONAL DE MATERIA--NOMBRE DE PERSONA
Nombre de persona O'Higgins, Bernardo,
Fechas asociadas al nombre 1778-1842
Subdivisión general ARCHIVOS.
9 (RLIN) 4290
651 #4 - PUNTO DE ACCESO ADICIONAL DE MATERIA--NOMBRE GEOGRÁFICO
Nombre geográfico Chile
Subdivisión general Historia
Subdivisión cronológica GUERRA DE LA INDEPENDENCIA, 1810-1824
Subdivisión general Fuentes.
9 (RLIN) 4291
651 #4 - PUNTO DE ACCESO ADICIONAL DE MATERIA--NOMBRE GEOGRÁFICO
Nombre geográfico Chile
Subdivisión general Historia Diplomática
Subdivisión cronológica 1810-1824.
9 (RLIN) 4292
700 1# - PUNTO DE ACCESO ADICIONAL--NOMBRE DE PERSONA
Nombre de persona O'Higgins, Bernardo,
Fechas asociadas al nombre 1778-1842.
Título de la obra Archivo de don Bernardo O'Higgins.
9 (RLIN) 4293
700 1# - PUNTO DE ACCESO ADICIONAL--NOMBRE DE PERSONA
Nombre de persona Donoso, Ricardo
9 (RLIN) 4294
700 1# - PUNTO DE ACCESO ADICIONAL--NOMBRE DE PERSONA
Nombre de persona Eyzaguirre, Jaime
9 (RLIN) 4295
700 1# - PUNTO DE ACCESO ADICIONAL--NOMBRE DE PERSONA
Nombre de persona Feliú Cruz, Guillermo
9 (RLIN) 4296
700 1# - PUNTO DE ACCESO ADICIONAL--NOMBRE DE PERSONA
Nombre de persona Pereira Salas, Eugenio
9 (RLIN) 4297
700 1# - PUNTO DE ACCESO ADICIONAL--NOMBRE DE PERSONA
Nombre de persona Valencia Avaria, Luis
9 (RLIN) 4298
Holdings
Estado de retiro Estado de pérdida Restricciones de uso No para préstamo Código de colección Localización permanente Ubicación/localización actual Ubicación en estantería Fecha de adquisición Fuente de adquisición Número de inventario Total de préstamos Signatura topográfica completa Código de barras Fecha visto por última vez Precio válido a partir de Tipo de ítem Koha
    Préstamo interno   Monografías: Libros y Folletos General General Depósito 23.07.2009 002344 LF1   983.04 A673a | v.10 1265-10 25.06.2020 25.06.2020 Préstamo interno

Powered by Koha